random words english to italian pt.4 - Statistics

General Stats
  • This quiz has been taken 35 times
    16 since last reset
  • The average score is 44 of 96
Answer Stats
English Italian % Correct
march marzo
100%
night notte
100%
tomorrow domani
92%
day giorno
92%
tuesday martedi
92%
december dicembre
83%
to eat mangiare
83%
wednesday mercoledi
83%
today oggi
83%
lunch (m) pranzo
83%
life (f) vita
83%
august agosto
75%
difficult difficile
75%
thursday giovedi
75%
september settembre
75%
late tardi
75%
fun divertente
67%
january gennaio
67%
monday lunedi
67%
why not? perche no?
67%
we are siamo
67%
i am sono
67%
they are sono
67%
he must/ needs deve
58%
already gia
58%
i worked ho lavorato
58%
the TV la televisione
58%
every ogni
58%
i prefer preferisco
58%
you can puoi
58%
to hope sperare
58%
to know (someone) conoscere
50%
to have to dovere
50%
to be essere
50%
parent genitore
50%
june giugno
50%
never mai
50%
hand (f) mano
50%
noon mezzogiorno
50%
i think that penso che
50%
he can puo
50%
you know (sapere) sai
50%
simple semplice
50%
i hope spero
50%
typical tipico/a
50%
holiday vacanza
50%
true vero
50%
me too anch'io
42%
usually di solito
42%
we have to dobbiamo
42%
they laughed hanno riso
42%
he is lui e
42%
midnight mezzanotte
42%
i wake up mi sveglio
42%
tomatoes pomodori
42%
he remembers ricorda
42%
you are sei
42%
they hope sperano
42%
to wake up svegliarsi
42%
i would like vorrei
42%
cute/nice carino
33%
he decided to ha deciso di
33%
sink lavandino
33%
headache mal di testa
33%
i get bored mi annoio
33%
i worry mi preoccupo
33%
everyone/each one ognuno
33%
honestly onestamente
33%
ears (f) orecchie
33%
to be able to potere
33%
he prefers preferisce
33%
noisy/loud rumoroso
33%
to get bored annoiarsi
25%
there was c'era
25%
they worry si preoccupano
25%
exhausted esausto
25%
generally generalmente
25%
day (f) (with weather, adj) giornata
25%
he took ha preso
25%
embarassing imbarazzante
25%
me neither neanch’io
25%
you all are siete
25%
usual solito
25%
shoulder (f) spalla
25%
cucumber cetriolo
17%
unusual insolito
17%
uncomfortable (i.e. bed) scomodo
17%
as usual come al solito
8%
so what?/ and so? e quindi
8%
the score il punteggio
8%
busy (i.e. full of ppl) pieno
8%
a little poco
8%
busy (i.e. traffic) trafficato
8%
busy day giornata intensa
0%
you reply/answer respondi
0%
since/ given that visto che
0%
No matching quizzes found
Score Distribution
Percent of People with Each Score
Percentile by Number Answered
Your Score History
You have not taken this quiz since the last reset